MLB Annual Team Defensive Efficiency Leaders - Statistics

General Stats
  • This quiz has been taken 3 times
  • The average score is 12 of 132
Answer Stats
Year Team % Correct
2024 Seattle Mariners
100%
2016 Chicago Cubs
67%
2019 Houston Astros
67%
2022 Los Angeles Dodgers
67%
2021 Los Angeles Dodgers
67%
2017 Los Angeles Dodgers
67%
2023 Milwaukee Brewers
67%
2017 New York Yankees
67%
2018 Oakland Athletics
67%
2020 St. Louis Cardinals
67%
2015 Toronto Blue Jays
67%
2002 Anaheim Angels
33%
2007 Boston Red Sox
33%
2007 Chicago Cubs
33%
2014 Cincinnati Reds
33%
2013 Cincinnati Reds
33%
2012 Los Angeles Angels of Anaheim
33%
2009 Los Angeles Dodgers
33%
1998 New York Yankees
33%
2010 Oakland Athletics
33%
2006 San Diego Padres
33%
2014 Seattle Mariners
33%
2011 Tampa Bay Rays
33%
2008 Tampa Bay Rays
33%
1993 Atlanta Braves
0%
1974 Atlanta Braves
0%
1995 Baltimore Orioles
0%
1979 Baltimore Orioles
0%
1973 Baltimore Orioles
0%
1972 Baltimore Orioles
0%
1969 Baltimore Orioles
0%
1968 Baltimore Orioles
0%
1961 Baltimore Orioles
0%
1903 Boston Americans
0%
1938 Boston Bees
0%
1937 Boston Bees
0%
1918 Boston Red Sox
0%
1917 Boston Red Sox
0%
1956 Brooklyn Dodgers
0%
1942 Brooklyn Dodgers
0%
1941 Brooklyn Dodgers
0%
1916 Brooklyn Robins
0%
1952 Chicago Cubs
0%
1945 Chicago Cubs
0%
1936 Chicago Cubs
0%
1911 Chicago Cubs
0%
1909 Chicago Cubs
0%
1907 Chicago Cubs
0%
1906 Chicago Cubs
0%
1991 Chicago White Sox
0%
1987 Chicago White Sox
0%
1967 Chicago White Sox
0%
1966 Chicago White Sox
0%
1965 Chicago White Sox
0%
1964 Chicago White Sox
0%
1953 Chicago White Sox
0%
1952 Chicago White Sox
0%
1912 Chicago White Sox
0%
1905 Chicago White Sox
0%
1904 Chicago White Sox
0%
2000 Cincinnati Reds
0%
1999 Cincinnati Reds
0%
1988 Cincinnati Reds
0%
1946 Cincinnati Reds
0%
1940 Cincinnati Reds
0%
1925 Cincinnati Reds
0%
1920 Cincinnati Reds
0%
1919 Cincinnati Reds
0%
1959 Cleveland Indians
0%
1954 Cleveland Indians
0%
1949 Cleveland Indians
0%
1948 Cleveland Indians
0%
1947 Cleveland Indians
0%
1983 Detroit Tigers
0%
1982 Detroit Tigers
0%
1981 Detroit Tigers
0%
1986 Houston Astros
0%
2004 Los Angeles Dodgers
0%
1997 Los Angeles Dodgers
0%
1975 Los Angeles Dodgers
0%
1974 Los Angeles Dodgers
0%
1992 Milwaukee Brewers
0%
1951 New York Giants
0%
1950 New York Giants
0%
1934 New York Giants
0%
1933 New York Giants
0%
1920 New York Giants
0%
1978 New York Yankees
0%
1977 New York Yankees
0%
1976 New York Yankees
0%
1963 New York Yankees
0%
1962 New York Yankees
0%
1960 New York Yankees
0%
1958 New York Yankees
0%
1957 New York Yankees
0%
1955 New York Yankees
0%
1943 New York Yankees
0%
1939 New York Yankees
0%
1935 New York Yankees
0%
1923 New York Yankees
0%
1922 New York Yankees
0%
2005 Oakland Athletics
0%
1990 Oakland Athletics
0%
1980 Oakland Athletics
0%
1971 Oakland Athletics
0%
1970 Oakland Athletics
0%
1931 Philadelphia Athletics
0%
1929 Philadelphia Athletics
0%
1913 Philadelphia Athletics
0%
1910 Philadelphia Athletics
0%
1915 Philadelphia Phillies
0%
1927 Pittsburgh Pirates
0%
1921 Pittsburgh Pirates
0%
1914 Pittsburgh Pirates
0%
1911 Pittsburgh Pirates
0%
1908 Pittsburgh Pirates
0%
1984 San Diego Padres
0%
1982 San Diego Padres
0%
1994 San Francisco Giants
0%
1993 San Francisco Giants
0%
1989 San Francisco Giants
0%
2003 Seattle Mariners
0%
2001 Seattle Mariners
0%
1996 St. Louis Cardinals
0%
1944 St. Louis Cardinals
0%
1928 St. Louis Cardinals
0%
1926 St. Louis Cardinals
0%
1985 Toronto Blue Jays
0%
1932 Washington Nationals
0%
1930 Washington Nationals
0%
1925 Washington Nationals
0%
1924 Washington Nationals
0%
No matching quizzes found
Score Distribution
Percent of People with Each Score
Percentile by Number Answered
Your Score History
You have not taken this quiz